| 000 -LEADER |
| fixed length control field |
01275cam a2200241 a 4500 |
| 020 ## - INTERNATIONAL STANDARD BOOK NUMBER |
| International Standard Book Number |
0872628728 |
| 082 00 - DEWEY DECIMAL CLASSIFICATION NUMBER |
| Classification number |
624.162 |
| Author Mark |
STA |
| -- |
L-39, P-98 |
| 245 00 - TITLE STATEMENT |
| Title |
Stability and performance of slopes and embankments II : |
| Remainder of title |
proceedings of a specialty conference / |
| Statement of responsibility, etc. |
sponsored by the Geotechnical Engineering Division of the American Society of Civil Engineers ; co-sponsored by the San Francisco Section of ASCE, and the University of California, Berkeley ; in cooperation with the Association of Engineering Geologists ... [et al.] ; edited by Raymond B. Seed, Ross W. Boulanger. |
| 260 ## - PUBLICATION, DISTRIBUTION, ETC. |
| Place of publication, distribution, etc. |
New York, N.Y. : |
| Name of publisher, distributor, etc. |
American Society of Civil Engineers, |
| Date of publication, distribution, etc. |
c1992. |
| 300 ## - PHYSICAL DESCRIPTION |
| Extent |
2 v. (xiv, 1553 p.) : |
| Other physical details |
ill. ; |
| Dimensions |
22 cm. |
| 500 ## - GENERAL NOTE |
| General note |
"Berkeley, California, June 29-July 1, 1992." |
| 526 ## - STUDY PROGRAM INFORMATION NOTE |
| Program name |
0 |
| Interest level |
0 |
| Reading level |
0 |
| Title point value |
624_162000000000000_STA |
| 650 #0 - SUBJECT ADDED ENTRY--TOPICAL TERM |
| Topical term or geographic name entry element |
Embankments |
| General subdivision |
Congresses. |
| 9 (RLIN) |
42657 |
| 650 #0 - SUBJECT ADDED ENTRY--TOPICAL TERM |
| Topical term or geographic name entry element |
MCE |
| 9 (RLIN) |
379 |
| 650 #0 - SUBJECT ADDED ENTRY--TOPICAL TERM |
| Topical term or geographic name entry element |
Slopes (Soil mechanics) |
| General subdivision |
Congresses. |
| 9 (RLIN) |
42658 |
| 650 #0 - SUBJECT ADDED ENTRY--TOPICAL TERM |
| Topical term or geographic name entry element |
Soil stabilization |
| General subdivision |
Congresses. |
| 9 (RLIN) |
42659 |
| 700 1# - ADDED ENTRY--PERSONAL NAME |
| Personal name |
Boulanger, Ross W. |
| 9 (RLIN) |
42660 |
| 700 1# - ADDED ENTRY--PERSONAL NAME |
| Personal name |
Seed, Raymond Bolton. |
| 9 (RLIN) |
42661 |
| 710 2# - ADDED ENTRY--CORPORATE NAME |
| Corporate name or jurisdiction name as entry element |
American Society of Civil Engineers. |
| 9 (RLIN) |
702 |
| 710 2# - ADDED ENTRY--CORPORATE NAME |
| Corporate name or jurisdiction name as entry element |
American Society of Civil Engineers. |
| 9 (RLIN) |
702 |
| 710 2# - ADDED ENTRY--CORPORATE NAME |
| Corporate name or jurisdiction name as entry element |
Association of Engineering Geologists. |
| 9 (RLIN) |
2130 |
| 942 ## - ADDED ENTRY ELEMENTS (KOHA) |
| Source of classification or shelving scheme |
|
| Koha item type |
Book |